[Event "TCh-AUT 2 East 2012-13"]
[Site "Austria AUT"]
[Date "2013.03.09"]
[Round "8.3"]
[White "Vass,Frant2"]
[Black "Vyskocil,N"]
[Result "0-1"]
[WhiteElo "2292"]
[BlackElo "2368"]

1.d4 Nf6 2.Bg5 Ne4 3.h4 d5 4.Nd2 Bf5 5.Nxe4 Bxe4 6.f3 h6 7.fxe4 hxg5 8.Qd3 Nc6
9.O-O-O e6 10.exd5 Qxd5 11.c4 Qa5 12.a3 O-O-O 13.e3 gxh4 14.Nf3 Be7 15.Be2 Bf6
16.Nd2 Qf5 17.Qb3 Bxd4 18.exd4 Nxd4 19.Qd3 Qf2 20.Bf3 f5 21.Nb3 Nxf3 22.Qxf3 Rxd1+
23.Rxd1 Qxf3 24.gxf3 g5 25.Nc5 g4 26.Nxe6 h3 27.Nf4 g3 28.Rh1 Rh4 29.Rxh3 g2
30.Rg3 Rh1+ 31.Kd2 g1=Q 32.Rxg1 Rxg1 33.Nd5 Rg2+ 34.Kc1 Kd7 35.Ne3 Rg1+ 36.Kd2 Ke6
37.f4 Rb1 38.Kc3 Rh1 39.Nc2 Rf1 40.Nd4+ Kf6 41.Ne2 c5 42.Kd3 Rf3+ 43.Kd2 Kg6  0-1

[Event "TCh-CAT Div Hon 2013"]
[Site "Catalonia ESP"]
[Date "2013.03.09"]
[Round "8.10"]
[White "Ibanez Terradellas,E"]
[Black "Ruiz Manchon,F"]
[Result "1-0"]
[WhiteElo "2316"]
[BlackElo "2154"]

1.d4 Nf6 2.Bg5 Ne4 3.Bf4 c5 4.f3 Qa5+ 5.c3 Nf6 6.Nd2 cxd4 7.Nc4 Qc5 8.cxd4 Qf5
9.Qc1 d5 10.Ne5 Bd7 11.Nh3 h6 12.e3 Nc6 13.Bd3 Qe6 14.O-O Rc8 15.Qd2 g6 16.g4 Bg7
17.b4 O-O 18.b5 Nxe5 19.Bxe5 Ne8 20.Nf4 Qb6 21.Nxd5 Qd8 22.Qb4 Nd6 23.Nxe7+ Qxe7
24.Qxd6 Qxd6 25.Bxd6 Rfe8 26.Kf2  1-0

[Event "TCh-CAT Div Hon 2013"]
[Site "Catalonia ESP"]
[Date "2013.03.09"]
[Round "8.3"]
[White "Rojas Keim,L"]
[Black "Pham Guerrero,S"]
[Result "1-0"]
[WhiteElo "2391"]
[BlackElo "2187"]

1.d4 Nf6 2.Bg5 Ne4 3.Bf4 d5 4.f3 Nf6 5.Nc3 c5 6.e4 e6 7.Nb5 Na6 8.e5 Nd7
9.c3 Be7 10.Be3 O-O 11.f4 cxd4 12.Nxd4 Qb6 13.b4 f6 14.Nf5 Qd8 15.Nxe7+ Qxe7
16.Nf3 fxe5 17.fxe5 Rxf3 18.Qxf3 Nxe5 19.Qg3 Ng6 20.Bxa6 bxa6 21.Bc5 Qd7
22.O-O Bb7 23.Rae1 e5 24.h4 Re8 25.h5 Nf4 26.Rxe5 Bc8  1-0

[Event "UTD Turner GM Invitational 2013"]
[Site "Richardson USA"]
[Date "2013.03.09"]
[Round "2"]
[White "Almeida Saenz,A"]
[Black "Salazar,Au"]
[Result "1-0"]
[WhiteElo "2339"]
[BlackElo "2202"]

1.d4 Nf6 2.Bg5 Ne4 3.Bf4 c5 4.f3 Qa5+ 5.c3 Nf6 6.Nd2 cxd4 7.Nb3 Qd8 8.Bxb8 Rxb8
9.Qxd4 b6 10.e4 e6 11.O-O-O Qc7 12.Kb1 b5 13.c4 b4 14.e5 Ng8 15.c5 a5 16.Rc1 Ne7
17.f4 Bb7 18.Nf3 Nf5 19.Qd2 a4 20.Nbd4 Bxc5 21.Nxf5 exf5 22.Bd3 g6 23.Qc2 Rc8
24.Qxa4 Bd5 25.Ba6 Be4+ 26.Ka1 Rb8 27.Rhd1 O-O 28.Ng5 b3 29.Nxe4 fxe4 30.Rd5 Qb6
31.Rdxc5 Ra8 32.Ra5 Rfc8 33.Re1 e3 34.axb3 Rc5 35.b4 Rxa5 36.bxa5 Rxa6 37.axb6 Rxa4+
38.Kb1 Rxf4 39.Rxe3 Rb4 40.Rd3 Rxb6 41.Rxd7 Rb5 42.Rd8+ Kg7 43.Re8 Rb7 44.g3 h5
45.Rd8 Rb5 46.Rd2 Rxe5 47.b4 Rb5 48.Rb2 Kf6 49.Kc2 Ke6 50.Kb3 Kd5 51.Ra2 Rb7
52.Ra6 Re7 53.Rf6 Re2 54.b5 Rxh2 55.b6 Rh1 56.Kc2 Rh2+ 57.Kc3 Rh1 58.Kb4 Rb1+
59.Ka5 Rb3 60.Rxf7 Rxg3 61.Rd7+ Kc6 62.Rc7+ Kd6 63.Rc8 Ra3+ 64.Kb5 Rb3+ 65.Ka6 Ra3+
66.Kb7 h4 67.Rc6+ Kd7 68.Rxg6 h3 69.Rh6 Rb3 70.Ka7 Ke7 71.b7 Ra3+ 72.Kb6 Rb3+
73.Kc6 Rc3+ 74.Kd5 Rd3+ 75.Kc4 Rd8 76.Kc5 Rg8 77.Rxh3 Kd7 78.Rh7+ Ke6 79.Kc6  1-0

[Event "TCh-FIN SM 2012-13"]
[Site "Helsinki FIN"]
[Date "2013.03.10"]
[Round "14.3"]
[White "Pohjala,H"]
[Black "Seeman,T"]
[Result "0-1"]
[WhiteElo "2306"]
[BlackElo "2384"]

1.d4 Nf6 2.Bg5 Ne4 3.Bf4 d6 4.f3 Nf6 5.e4 Nbd7 6.Ne2 e5 7.Bg5 Be7 8.Nbc3 O-O
9.Qd2 c6 10.Ng3 exd4 11.Qxd4 Nc5 12.Be3 b5 13.Be2 Ne6 14.Qd2 b4 15.Nd1 d5
16.Nf2 d4 17.Bf4 Nxf4 18.Qxf4 c5 19.O-O g6 20.a3 bxa3 21.Rxa3 Be6 22.Ra4 Nd7
23.b3 Bg5 24.Qd6 Bd2 25.Ra6 Ba5 26.Ra1 Bc7 27.Qc6 Bb6 28.Kh1 Rc8 29.Qb5 Ne5
30.R6a3 Bd7 31.Qa6 c4 32.Bxc4 Nxc4 33.bxc4 Be6 34.Nd3 Bxc4 35.Qa4 a6 36.Ne2 Bb5
37.Qb3 Rc4 38.Nef4 Rc3 39.Qb2 Rxa3 40.Rxa3 Qd6 41.Ra1 Rc8 42.Nd5 Ba7 43.Ra3 h5
44.Ra1 h4 45.Re1 Bb8 46.f4 Ba7 47.Qb3 Kg7 48.e5 Qd7 49.N3b4 h3 50.gxh3 a5
51.Nf6 Qb7+ 52.Nbd5 Rc3 53.Qa2 Bc4 54.Qxa5 Bb6 55.Qxb6 Bxd5+ 56.Nxd5 Qxd5+
57.Kg1 Rxc2 58.Qf6+ Kg8 59.Qg5 d3 60.f5 Qd4+ 61.Kh1 d2 62.Rd1 Qxe5 63.Qd8+ Kg7
64.fxg6 Qe4+ 65.Kg1 Qe3+ 66.Kg2 Qe2+ 67.Kg3 Rc3+ 68.Kf4 Rf3+  0-1

[Event "TCh-AUT 2 West 2012-13"]
[Site "Salzburg AUT"]
[Date "2013.03.10"]
[Round "11.3"]
[White "Brumen,D"]
[Black "Fuchs,G"]
[Result "1-0"]
[WhiteElo "2357"]
[BlackElo "2272"]

1.d4 Nf6 2.Bg5 Ne4 3.Bf4 d5 4.e3 e6 5.f3 Nf6 6.Bd3 Be7 7.Ne2 O-O 8.O-O c5
9.c3 Qb6 10.b3 Nc6 11.Kh1 Nh5 12.Qc2 f5 13.g4 Nxf4 14.Nxf4 cxd4 15.exd4 Nxd4
16.cxd4 Qxd4 17.Ng2 Bd7 18.Nc3 Bf6 19.Ne2 Qxa1 20.Rxa1 Bxa1 21.gxf5 exf5
22.Ne3 g6 23.Nxd5 Bg7 24.Qc7 Rfd8 25.Nef4 Kh8 26.Ne7 Bf6 27.Nfd5 Bg7 28.Qxb7 Bd4
29.Qb4 Bg7 30.Qh4 Be8 31.Nf6 h6 32.Qc4  1-0

[Event "13th European Seniors"]
[Site "Plovdiv BUL"]
[Date "2013.03.11"]
[Round "1"]
[White "Henrichsen,Erland"]
[Black "Lederman,L"]
[Result "0-1"]
[WhiteElo "1937"]
[BlackElo "2243"]

1.d4 Nf6 2.Bg5 Ne4 3.Bf4 c5 4.f3 Nf6 5.d5 Qb6 6.Bc1 e5 7.e4 d6 8.Na3 Qd8
9.Bb5+ Nbd7 10.Ne2 a6 11.Bxd7+ Bxd7 12.c4 b5 13.O-O Be7 14.Qd3 O-O 15.g4 Ne8
16.Kh1 Rb8 17.b3 Bg5 18.f4 exf4 19.Bxf4 Qe7 20.h3 Bf6 21.Rae1 Be5 22.Qg3 Bb2
23.Nb1 bxc4 24.Nec3 cxb3 25.axb3 Rxb3 26.e5 Bb5 27.exd6 Qb7 28.Re7 Qa8 29.Rf3 Nf6
30.Nxb5 Rxb5  0-1

[Event "Karpos Open 2013"]
[Site "Skopje MKD"]
[Date "2013.03.13"]
[Round "6.30"]
[White "Damljanovic,B"]
[Black "Ben Artzi,I"]
[Result "1-0"]
[WhiteElo "2562"]
[BlackElo "2307"]

1.d4 Nf6 2.Bg5 Ne4 3.Bf4 c5 4.f3 Nf6 5.d5 Qb6 6.Nc3 Qxb2 7.Bd2 Qb6 8.e4 d6
9.f4 Qd8 10.Rb1 g6 11.Bb5+ Nfd7 12.a4 Bg7 13.Nf3 O-O 14.O-O Qc7 15.Qe1 c4
16.Bxd7 Nxd7 17.Be3 Qa5 18.Bd4 Bxd4+ 19.Nxd4 Qc5 20.Qd2 a6 21.Kh1 Qa5 22.Rf3 Nc5
23.f5 Nxe4 24.Nxe4 Qxd5 25.Qh6 Qxd4 26.f6  1-0

[Event "Karpos Open 2013"]
[Site "Skopje MKD"]
[Date "2013.03.14"]
[Round "7.62"]
[White "Danov,Radi"]
[Black "Dimic,P"]
[Result "1/2-1/2"]
[WhiteElo "1993"]
[BlackElo "2212"]

1.d4 Nf6 2.Bg5 Ne4 3.Bf4 d5 4.e3 c5 5.Bd3 Nf6 6.c3 Nc6 7.Nf3 e6 8.Nbd2 Be7
9.h3 O-O 10.O-O b6 11.Qe2 Bb7 12.Rfe1 Qc8 13.dxc5 Bxc5 14.e4 dxe4 15.Nxe4 Nxe4
16.Bxe4 Be7 17.Qc2 g6 18.Bh6 Rd8 19.h4 Bf6 20.h5 Ne7 21.hxg6 hxg6 22.Ng5 Nf5
23.Bxb7 Qxb7 24.Ne4 Nxh6 25.Nxf6+ Kg7 26.Qe4  1/2-1/2

[Event "13th European Seniors"]
[Site "Plovdiv BUL"]
[Date "2013.03.15"]
[Round "5"]
[White "Dragasevic,S"]
[Black "Ljangov,P"]
[Result "1-0"]
[WhiteElo "2279"]
[BlackElo "2059"]

1.d4 Nf6 2.Bg5 Ne4 3.Bf4 d5 4.e3 Bf5 5.f3 Nf6 6.g4 Bg6 7.h4 h6 8.h5 Bh7 9.c4 c6
10.Nc3 e6 11.Qb3 Qb6 12.c5 Qxb3 13.axb3 Nbd7 14.b4 Be7 15.b5 O-O 16.bxc6 bxc6
17.Ba6 e5 18.dxe5 Nxc5 19.exf6 Bxf6 20.Bd6 Nb3 21.Ra3 Rfd8 22.Bb7 d4 23.Rxb3 dxc3
24.bxc3 Bc2 25.Ra3 Rxd6 26.Bxa8 Rd3 27.Kf2 Be7 28.Ra2 Bb3 29.Rb2 Ba4 30.Ne2 Bc5
31.Nd4 Rxc3 32.Ra1 Bb5 33.Nf5 g6 34.hxg6 fxg6 35.Nd4 Rd3 36.Nxb5 Rxe3 37.Kg2 cxb5
38.Rxb5 Bb6 39.Rxb6 axb6 40.Rb1 Re2+ 41.Kg3 Re8 42.Bd5+ Kg7 43.Rxb6 h5 44.Be4 hxg4
45.Rxg6+ Kf7 46.Rxg4 Rb8 47.Rh4 Kf6 48.Kf4 Rb5 49.Rh6+ Kg7 50.Rh7+ Kf6 51.Rb7 Ra5
52.Rb6+ Kg7 53.Bf5 Ra3 54.Rd6 Kf7 55.Rd3 Ra1 56.Kg5 Ra6 57.Rd7+ Kf8 58.f4 Ra4
59.Kf6 Ke8 60.Rc7  1-0

[Event "Karpos Open 2013"]
[Site "Skopje MKD"]
[Date "2013.03.15"]
[Round "8.34"]
[White "Damljanovic,B"]
[Black "Csonka,B"]
[Result "1/2-1/2"]
[WhiteElo "2562"]
[BlackElo "2319"]

1.d4 Nf6 2.Bg5 Ne4 3.Bf4 c5 4.f3 Qa5+ 5.c3 Nf6 6.d5 Qb6 7.Bc1 e6 8.e4 exd5
9.exd5 Be7 10.Nh3 d6 11.Nf2 O-O 12.Be2 Nbd7 13.c4 Re8 14.O-O Nf8 15.Nc3 N6d7
16.b3 Bf6 17.Bb2 a6 18.Qd2 Qc7 19.Rae1 Bd4 20.Bd1 Rxe1 21.Rxe1 Nf6 22.Bc1 Bd7
23.Ne2 Bxf2+ 24.Kxf2 Re8 25.Bb2 Qd8 26.Qf4 Qe7 27.Bxf6 gxf6 28.Qd2 Ng6 29.Ng3 Qxe1+
30.Qxe1 Rxe1 31.Kxe1 f5 32.Bc2 Nh4 33.Nh5 Kf8 34.Nf6 Bc8 35.Kf2 Ke7 36.Nh5 Bd7
37.g3 Ng6 38.f4 h6 39.h3 Nf8 40.Ke3 Nh7 41.a3 a5 42.Bd3 Nf8 43.Kf3 Nh7 44.Ke2 Nf8
45.b4 axb4 46.axb4 cxb4 47.Kd2 Nh7 48.Kc2 Nf6 49.Nxf6 Ba4+ 50.Kb2 Kxf6 51.Bc2 b5
52.cxb5 Bxb5 53.Kb3 Bf1 54.Kxb4 Bxh3 55.Kb5 Bg2 56.Kc6 Be4 57.Bd1 Ke7 58.Bh5 Bc2
59.Kc7 Be4  1/2-1/2

[Event "TCh-CAT Div Hon 2013"]
[Site "Catalonia ESP"]
[Date "2013.03.16"]
[Round "9.8"]
[White "Avila Jimenez,J"]
[Black "Colls Gelaberto,E"]
[Result "0-1"]
[WhiteElo "2250"]
[BlackElo "2122"]

1.d4 Nf6 2.Bg5 Ne4 3.Bf4 c5 4.f3 Qa5+ 5.c3 Nf6 6.d5 e6 7.e4 Qb6 8.Na3 exd5
9.Nb5 Na6 10.exd5 d6 11.Qe2+ Kd8 12.c4 Bf5 13.a3 Be7 14.Qd2 Re8 15.Kf2 Kd7
16.g4 Bxg4 17.Bd3 Bh5 18.a4 Nb4 19.Bf5+ Kd8 20.a5 Qa6 21.Ne2 Bg6 22.Bxg6 hxg6
23.Nec3 Bf8 24.Bg5 Kd7 25.Kg2 Re5 26.Bf4 Ree8 27.Rhd1 Rad8 28.Qf2 Kc8 29.Ra4 Nd7
30.Ne4 Ne5 31.Bxe5 Rxe5 32.Nec3 Rde8 33.Rd2 g5 34.Qg3 Be7 35.Qh3+ Kb8 36.Qd7 Rc8
37.Ne4 g4 38.Nexd6 gxf3+ 39.Kxf3 Bxd6 40.Nxd6 Rh8 41.Ra3 Reh5 42.Rg2 R5h6
43.Nf5 Rh3+ 44.Rg3 Rxg3+ 45.hxg3 Qxc4 46.Ne3 Qd4 47.Qd6+ Kc8 48.Rc3 Nd3 49.Ng4 Re8  0-1

[Event "Karpos Open 2013"]
[Site "Skopje MKD"]
[Date "2013.03.16"]
[Round "9.71"]
[White "Danov,Radi"]
[Black "Mitkovski,Z"]
[Result "1/2-1/2"]
[WhiteElo "1993"]
[BlackElo "2170"]

1.d4 Nf6 2.Bg5 Ne4 3.Bf4 d5 4.e3 g6 5.Bd3 Bg7 6.Bxe4 dxe4 7.Nc3 f5 8.h4 c6
9.f3 exf3 10.Nxf3 Nd7 11.Qe2 Nf6 12.Qc4 Nd5 13.Nxd5 Qxd5 14.Qxd5 cxd5 15.Be5 Bf6
16.h5 O-O 17.hxg6 hxg6 18.Bf4 Be6 19.Kd2 Rfe8 20.Ng5 Bxg5 21.Bxg5 Kg7 22.Bf4  1/2-1/2

[Event "13th European Seniors"]
[Site "Plovdiv BUL"]
[Date "2013.03.17"]
[Round "7"]
[White "Henrichsen,Erland"]
[Black "Hohler,P"]
[Result "1/2-1/2"]
[WhiteElo "1937"]
[BlackElo "2213"]

1.d4 Nf6 2.Bg5 Ne4 3.Bf4 d5 4.f3 Nf6 5.Nc3 e6 6.e4 Bb4 7.Qd3 O-O 8.Bg5 Be7
9.e5 Nfd7 10.Bxe7 Qxe7 11.f4 c5 12.Nf3 Nc6 13.Ng5 f5 14.exf6 Nxf6 15.dxc5 Qxc5
16.O-O-O Bd7 17.g3 Rae8 18.Bh3 h6 19.Nf3  1/2-1/2

[Event "TCh-SUI 2013"]
[Site "Switzerland SUI"]
[Date "2013.03.17"]
[Round "1.7"]
[White "Thaler,Ma"]
[Black "Maeser,F"]
[Result "1/2-1/2"]
[WhiteElo "2189"]
[BlackElo "2298"]

1.d4 Nf6 2.Bg5 Ne4 3.Bh4 d5 4.f3 Nd6 5.Nc3 c6 6.e4 Qb6 7.Rb1 e6 8.Bf2 Nd7
9.Bd3 Qa5 10.Ne2 b5 11.b4 Qb6 12.a4 a6 13.a5 Qb7 14.Qd2 Be7 15.O-O Nc4 16.Bxc4 bxc4
17.Na4 O-O 18.Nc5 Qa7 19.Nc3 Rb8 20.e5 Qc7 21.N3a4 Rb5 22.f4 Qb8 23.Nxd7 Bxd7
24.c3 f5  1/2-1/2

[Event "25th Metropolitan IM"]
[Site "Los Angeles USA"]
[Date "2013.03.20"]
[Round "1"]
[White "Duckworth,W"]
[Black "Viswanadha,Kesav"]
[Result "1-0"]
[WhiteElo "2256"]
[BlackElo "2149"]

1.d4 Nf6 2.Bg5 Ne4 3.Bf4 c5 4.f3 Qa5+ 5.c3 Nf6 6.d5 Qb6 7.Bc1 e6 8.e4 exd5
9.exd5 Bd6 10.c4 O-O 11.Bd3 Re8+ 12.Ne2 Bf8 13.Nc3 d6 14.O-O Nbd7 15.f4 g6
16.h3 Bg7 17.g4 h6 18.Ng3 Nh7 19.Kg2 a6 20.Nce4 Ndf6 21.Nf2 Qd8 22.a4 Rb8
23.h4 Nxg4 24.Nxg4 Qxh4 25.Nf2 Bxb2 26.Bxb2 Re3 27.Qf3 Rxf3 28.Kxf3 g5 29.f5 b5
30.axb5 axb5 31.cxb5 Bb7 32.Be4 Qf4+ 33.Kg2 Qd2 34.Rab1 Bxd5 35.Rfd1 Bxe4+
36.Nxe4 Qc2 37.Nxd6 c4 38.Be5 f6 39.Bg3 c3 40.Ne4 Rxb5 41.Rd8+ Nf8 42.Rxb5  1-0

[Event "Nis Open 2013"]
[Site "Nis SRB"]
[Date "2013.03.21"]
[Round "1.16"]
[White "Djordjevic,Vu"]
[Black "Ivanovic,Veljko"]
[Result "1-0"]
[WhiteElo "2140"]
[BlackElo "1809"]

1.d4 Nf6 2.Bg5 Ne4 3.Bh4 d5 4.Nd2 Bf5 5.e3 Nd7 6.Bd3 Nxd2 7.Qxd2 Bxd3 8.Qxd3 c6
9.Ne2 g6 10.O-O Bg7 11.c4 Nf6 12.c5 O-O 13.b4 Re8 14.f4 Ne4 15.Rab1 h6 16.Be1 g5
17.Ng3 gxf4 18.exf4 Nxg3 19.Bxg3 e6 20.a4 Qf6 21.Rfd1 Qf5 22.Qc3 a6 23.Rb3 Qe4
24.Qd2 Bf6 25.Bf2 Kh7 26.Re1 Qf5 27.Kf1 Rg8 28.Qd3 Qxd3+ 29.Rxd3 Rg4 30.g3 Rgg8
31.Rf3 Kg6 32.g4 Rge8 33.Ke2 Rab8 34.Kd3 b5 35.Ra1 Ra8 36.h4 h5 37.f5+ exf5
38.gxh5+ Kxh5 39.Rg1 Rg8 40.Rxf5+  1-0

[Event "44th Marcel Duchamp"]
[Site "Buenos Aires ARG"]
[Date "2013.03.24"]
[Round "1.7"]
[White "Tristan,L"]
[Black "Bianchi,Augusto"]
[Result "1-0"]
[WhiteElo "2457"]
[BlackElo "1946"]

1.d4 Nf6 2.Bg5 Ne4 3.Bf4 d5 4.f3 Nf6 5.Nc3 c6 6.e4 Qa5 7.Qd3 Na6 8.Ne2 e6
9.Nc1 Be7 10.Nb3 Qb6 11.O-O-O O-O 12.Be2 Bd7 13.g4 c5 14.dxc5 Nxc5 15.Nxc5 Bxc5
16.e5 Ne8 17.Kb1 Nc7 18.Bc1 f6 19.exf6 Rxf6 20.f4 Bc6 21.Bf3 Rd8 22.Rhe1 Nb5
23.Na4  1-0

[Event "Easter Open 2013"]
[Site "Oberhausen GER"]
[Date "2013.03.30"]
[Round "3.7"]
[White "Meyer,U"]
[Black "Coenen,M"]
[Result "0-1"]
[WhiteElo "2075"]
[BlackElo "2308"]

1.d4 Nf6 2.Bg5 Ne4 3.h4 d5 4.Nd2 Bf5 5.Ngf3 h6 6.Bf4 e6 7.e3 Be7 8.c3 O-O
9.Nxe4 Bxe4 10.Ne5 Nd7 11.Nxd7 Qxd7 12.Bd3 Bxd3 13.Qxd3 c5 14.Qe2 Rfc8 15.g4 Bd6
16.Bxd6 Qxd6 17.g5 cxd4 18.exd4 Qf4 19.Qe3 Qxe3+ 20.fxe3 Kh7 21.Rg1 hxg5
22.Rxg5 Rh8 23.Kd2 g6 24.Rag1 Kg7 25.h5 Rh6 26.Kd3 Rah8 27.hxg6 Rxg6 28.b3 Rh2
29.Rxg6+ fxg6 30.a4 Rb2 31.b4 Rf2 32.Rg3 Kf6 33.e4 g5 34.c4 Ra2 35.Rf3+ Ke7
36.exd5 exd5 37.Re3+ Kf6 38.Rf3+ Ke7 39.Re3+ Kd7 40.c5 Ra3+ 41.Ke2 Rxa4 42.Re5 Kc6
43.b5+ Kxb5 44.Rxd5 g4 45.Ke3 g3 46.Rg5 Ra1 47.Ke4 Kc4 48.Rg4 g2 49.Rxg2 Re1+
50.Kf5 Kxd4 51.Rc2 Rf1+ 52.Kg5 Kd5  0-1

[Event "Mexico International Open"]
[Site "Puebla MEX"]
[Date "2013.03.30"]
[Round "8.6"]
[White "Almeida Saenz,A"]
[Black "Gonzalez Zamora,J"]
[Result "1-0"]
[WhiteElo "2339"]
[BlackElo "2527"]

1.d4 Nf6 2.Bg5 Ne4 3.Bf4 d5 4.f3 Nf6 5.c4 e6 6.Nc3 a6 7.cxd5 exd5 8.e4 dxe4
9.fxe4 Nc6 10.Nf3 h6 11.Bc4 b5 12.Bb3 g5 13.Ne5 Nxe5 14.Bxe5 Bg7 15.Bxf6 Qxf6
16.Rf1 Qxd4 17.Bxf7+ Ke7 18.Qf3 c6 19.Bg8 Bf6 20.Rd1 Qe5 21.Nd5+ cxd5 22.Rxd5 Qxb2
23.e5 Qb4+ 24.Rd2 Qb1+ 25.Ke2  1-0

[Event "Paskturneringen Open"]
[Site "Norrkoping SWE"]
[Date "2013.03.31"]
[Round "7"]
[White "Pohjala,H"]
[Black "Hedman,E"]
[Result "1/2-1/2"]
[WhiteElo "2319"]
[BlackElo "2376"]

1.d4 Nf6 2.Bg5 Ne4 3.Bf4 c5 4.f3 Qa5+ 5.c3 Nf6 6.d5 e6 7.e4 exd5 8.exd5 d6
9.Nd2 Be7 10.Nc4 Qc7 11.Ne2  1/2-1/2

[Event "7th Philadelphia Open"]
[Site "Philadelphia USA"]
[Date "2013.03.31"]
[Round "8"]
[White "Corrales Jimenez,F"]
[Black "Margvelashvili,G"]
[Result "1/2-1/2"]
[WhiteElo "2601"]
[BlackElo "2565"]

1.d4 Nf6 2.Bg5 Ne4 3.Bf4 d5 4.e3 Nc6 5.Bd3 g5 6.Bg3 Bf5 7.Nc3 Qd7 8.Bxe4 Bxe4
9.Nxe4 dxe4 10.h4 g4 11.Ne2 e6 12.Nc3 f5 13.d5 exd5 14.Qxd5 O-O-O 15.O-O-O Qxd5
16.Rxd5 Rxd5 17.Nxd5 Bd6 18.Bxd6 cxd6 19.g3 Kd7 20.Rd1 Ne7 21.Nc3 a6 22.b3 Rc8
23.Kb2 Ke6 24.Ne2 Ke5 25.Nf4 b5 26.Rd4 a5 27.Rd2 d5 28.Ne2 Rd8 29.Nd4 Rb8
30.Rd1 Rb6 31.a3 Ng6 32.Ra1 Ne7 33.a4 b4 34.Rd1 Nc6 35.Nxc6+  1/2-1/2

[Event "TCh-NOR Eliteserien 2012-13"]
[Site "Haraldsheim NOR"]
[Date "2013.04.05"]
[Round "7"]
[White "Adnoy,H"]
[Black "Tari,A"]
[Result "0-1"]
[WhiteElo "2263"]
[BlackElo "2295"]

1.d4 Nf6 2.Bg5 Ne4 3.Bf4 c5 4.f3 Qa5+ 5.c3 Nf6 6.d5 Qb6 7.Bc1 e6 8.c4 exd5
9.cxd5 c4 10.Nc3 Bc5 11.Nh3 d6 12.Qa4+ Bd7 13.Qxc4 O-O 14.g4 Rc8 15.Qd3 Bd4
16.e4 Qb4 17.a3 Bxc3+ 18.bxc3 Qxc3+ 19.Qxc3 Rxc3 20.Be2 Bxg4 21.Rg1 Nbd7
22.Bd2 Rb3 23.Bd1 Nc5 24.Bxb3 Nxb3 25.Rb1 Nxd2 26.Kxd2 Bxh3 27.Rxb7 Bc8 28.Rc7 Ne8
29.Rc4 Kf8 30.Rb1 a5 31.Rb6 Ke7 32.f4 f6 33.h4 g6 34.Ke3 a4 35.Kd4 Bd7 36.e5 fxe5+
37.fxe5 dxe5+ 38.Kxe5 Ra5 39.h5 Rb5 40.Rxb5 Bxb5 41.Rc5 Bd7 42.hxg6 hxg6
43.Rc3 g5 44.Re3 Nd6 45.Kd4+ Kd8 46.Kc5 Kc7 47.Re7 Nf5 48.Rf7 Nd6 49.Rg7 g4
50.Rg6 Ne4+ 51.Kd4 Nd2 52.Kc5 Nb3+ 53.Kb4 Nc1 54.Kc4 Nd3 55.Rg7 Nf2 56.Kc5 Ne4+
57.Kd4 Nd6 58.Kc5 g3 59.Rg6 Nf5 60.d6+ Kb7 61.Rg5 Ka6 62.Rg8 Ka7 63.Rg5 Kb7
64.Rg4 Nxd6 65.Rg6 Nf5 66.Rg5 Kc7 67.Rg6 Kd8 68.Kd5 Ne7+  0-1

[Event "1st Hofheim Open"]
[Site "Hofheim GER"]
[Date "2013.04.08"]
[Round "9.14"]
[White "Commercon,S"]
[Black "Humburg,Philipp"]
[Result "1/2-1/2"]
[WhiteElo "2135"]
[BlackElo "1956"]

1.d4 Nf6 2.Bg5 Ne4 3.Bf4 e6 4.f3 Bb4+ 5.c3 Bd6 6.Bxd6 Nxd6 7.e4 f5 8.e5 Nf7
9.Qd2 b6 10.g3 Bb7 11.Bg2 Qe7 12.Na3 Nc6 13.O-O-O O-O-O 14.f4 g5 15.d5 exd5
16.Bxd5 gxf4 17.gxf4 Rdf8 18.Nf3 Nfd8 19.Rhg1 Ne6 20.Nb5 Kb8 21.Bxe6 dxe6
22.Qd7 Rd8 23.Qxe7 Rxd1+ 24.Rxd1 Nxe7 25.Ng5 Bc8 26.Nd4 h6 27.Nf7 Rf8 28.Nxh6 Rh8
29.Nf7 Rxh2 30.Nd8 Rh6 31.N4c6+ Nxc6 32.Nxc6+ Kb7 33.Nd8+ Kb8 34.Nc6+ Kb7
35.Nd8+ Kb8 36.Nc6+  1/2-1/2

[Event "FSGM April 2013"]
[Site "Budapest HUN"]
[Date "2013.04.09"]
[Round "4.1"]
[White "Kosic,D"]
[Black "Zhou,Y"]
[Result "1/2-1/2"]
[WhiteElo "2512"]
[BlackElo "2442"]

1.d4 Nf6 2.Bg5 Ne4 3.Bf4 c5 4.f3 Qa5+ 5.c3 Nf6 6.d5 d6 7.e4 g6 8.a4 Bg7 9.Na3 O-O
10.Nc4 Qc7 11.Bd3 Nh5 12.Bg5 e6 13.Ne2 exd5 14.exd5 Re8 15.O-O Nd7 16.Qd2 Ne5
17.Nxe5 Rxe5 18.c4 Re8 19.Rae1 f5 20.Nf4 Rxe1 21.Qxe1 Nxf4 22.Qe8+ Bf8 23.Bxf4 b6
24.Re1 Qd7 25.Bg5 Qxe8 26.Rxe8 Bb7 27.Rxa8 Bxa8 28.a5 bxa5 29.Bd8 Kf7 30.Bxa5 Bg7
31.b3 Bb7 32.Kf2 Bc8  1/2-1/2

[Event "FSGM April 2013"]
[Site "Budapest HUN"]
[Date "2013.04.12"]
[Round "6.1"]
[White "Kosic,D"]
[Black "Poetsch,H"]
[Result "0-1"]
[WhiteElo "2512"]
[BlackElo "2426"]

1.d4 Nf6 2.Bg5 Ne4 3.Bf4 c5 4.f3 Qa5+ 5.c3 Nf6 6.d5 Qb6 7.Bc1 e6 8.e4 Be7
9.Na3 exd5 10.exd5 d6 11.Bd3 Nbd7 12.Nc4 Qc7 13.Ne3 Ne5 14.Bc2 O-O 15.Ne2 b5
16.a4 Bd7 17.O-O Rfe8 18.axb5 Bxb5 19.Rf2 Bf8 20.Ng3 c4 21.Qd4 g6 22.Bd2 Bg7
23.Qh4 Qb6 24.Rd1 Nd3 25.Bxd3 cxd3 26.Ngf1 Ba6 27.Bc1 Qb3 28.Nd2 Qa2 29.Ndc4 Qa4
30.b3 Qxb3 31.Rb2 Qa4 32.Rb4 Qd7 33.Rxd3 Rac8 34.Rd1 Rc5 35.Qf4 Rec8 36.Bb2 Bxc4
37.Rxc4 Rxc4 38.Nxc4 Qa4 39.Rd4 Ne8 40.Re4 Nf6 41.Rd4 Ne8 42.Re4 f5 43.Nxd6 Qd1+
44.Kf2 fxe4 45.Nxc8 Qc2+ 46.Kf1 Qd1+ 47.Kf2 Qc2+ 48.Kf1 exf3 49.gxf3 Qxb2
50.d6 Qxc3 51.Qe4 Qxc8 52.Qd5+ Kh8 53.d7 Qd8 54.dxe8=Q+ Qxe8  0-1

[Event "ch-SRB 2013"]
[Site "Vrnjacka Banja SRB"]
[Date "2013.04.19"]
[Round "5.1"]
[White "Miladinovic,I"]
[Black "Brenjo,S"]
[Result "0-1"]
[WhiteElo "2569"]
[BlackElo "2516"]

1.d4 Nf6 2.Bg5 Ne4 3.Bf4 c5 4.f3 Qa5+ 5.c3 Nf6 6.d5 d6 7.e4 g6 8.Na3 Bg7
9.Nc4 Qd8 10.a4 O-O 11.Qd2 Nbd7 12.Ne2 Ne5 13.Ng3 Re8 14.Nxe5 dxe5 15.Be3 b6
16.Bb5 Rf8 17.O-O Rb8 18.h3 Bb7 19.f4 a6 20.Bd3 exf4 21.Bxf4 Nd7 22.Qe2 Ra8
23.e5 Bxd5 24.Rad1 Bb3 25.Rd2 Qc8 26.c4 Bxa4 27.Rf3 Bc6 28.Re3 e6 29.h4 b5
30.b3 bxc4 31.bxc4 a5 32.h5 a4 33.Qg4 Qe8 34.Bb1 a3 35.Ba2 Rb8 36.Qe2 Rb2
37.Rxb2 axb2 38.Qxb2 Qb8 39.Qe2 Qa7 40.Kh2 Rb8 41.Bb3 Qa1 42.h6 Qd4 43.Bg5 Nxe5
44.hxg7 Ng4+ 45.Kh3 Nxe3 46.Bxe3 Qc3 47.Ba4 Rb2 48.Qxb2 Qxb2 49.Bxc6 Qe5
50.Bh6 f5 51.Bf3 Qf6 52.Bc1 Qxg7 53.Ne2 g5 54.Kg3 g4 55.Ba8 Qa7  0-1

[Event "Cork Masters 2013"]
[Site "Cork IRL"]
[Date "2013.04.20"]
[Round "4.3"]
[White "Short,P"]
[Black "Short,S"]
[Result "1-0"]
[WhiteElo "2260"]
[BlackElo "1955"]

1.d4 Nf6 2.Bg5 Ne4 3.Bf4 d5 4.Nd2 Bf5 5.Ngf3 h6 6.e3 Nd7 7.h3 e6 8.Be2 Bd6
9.Bxd6 Nxd6 10.c4 Nxc4 11.Nxc4 dxc4 12.Bxc4 c6 13.O-O O-O 14.Qe2 Nb6 15.Bb3 Qf6
16.e4 Bh7 17.Qe3 Rad8 18.Rad1 Rfe8 19.Ne5 Nd7 20.f4 Qe7 21.Nc4 Nf6 22.e5 Nd5
23.Qf2 Rd7 24.Nd6 Rxd6 25.exd6 Qxd6 26.Qf3 Nf6 27.Rfe1 Bg6 28.Rd2 Rd8 29.a3 c5
30.Red1 Ne4 31.Re2 Nf6 32.d5 c4 33.dxe6 Qb6+ 34.Qf2 cxb3 35.Rxd8+ Qxd8 36.e7 Qd7
37.g4 Bd3 38.Rd2 Qxe7 39.Rxd3 Qe6 40.Qe3 Qc6 41.Rxb3 Nd5 42.Qd2 Qc4 43.Rf3 Qe4
44.Qd3 Qe1+ 45.Rf1 Qa5 46.Rd1 Nb6 47.Qe3 Qb5 48.Rd8+ Kh7 49.Qd3+  1-0

[Event "ch-LAT 2013"]
[Site "Riga LAT"]
[Date "2013.04.20"]
[Round "9.5"]
[White "Antoms,G"]
[Black "Bernotas,A"]
[Result "1-0"]
[WhiteElo "2376"]
[BlackElo "2268"]

1.d4 Nf6 2.Bg5 Ne4 3.Bf4 c5 4.dxc5 Nc6 5.Nf3 Nxc5 6.Nc3 d6 7.e4 Qa5 8.Nd2 Be6
9.Nb3 Qb4 10.Bd2 Nxb3 11.axb3 g6 12.Ra4 Qb6 13.Nd5 Qd8 14.Be3 Qb8 15.Bb5 Bg7
16.O-O Bd7 17.Bb6 O-O 18.Nc7 axb6 19.Nxa8 Qd8 20.c3 Be6 21.b4 f5 22.Qe2 Kh8
23.exf5 Rxf5 24.Bxc6 Re5 25.Be4 d5 26.Rd1 Bd7 27.b5 Bf5 28.Nxb6 Qxb6 29.Rxd5 Rxd5
30.Bxd5 Bf6 31.Ra8+ Kg7 32.Qe3  1-0

[Event "TCh-CZE Div1 Vychod 2012-13"]
[Site "Czech Republic CZE"]
[Date "2013.04.21"]
[Round "11.6"]
[White "Silar,Lu"]
[Black "Skoda,M"]
[Result "1-0"]
[WhiteElo "2161"]
[BlackElo "2017"]

1.d4 Nf6 2.Bg5 Ne4 3.Bf4 c5 4.f3 Nf6 5.d5 d6 6.e4 g6 7.Qd2 Bg7 8.Nc3 a6 9.a4 Qa5
10.Ra3 O-O 11.Nge2 Nbd7 12.Nc1 Ne5 13.Bxe5 dxe5 14.Qe3 Qc7 15.a5 Nd7 16.Nb3 f5
17.Bc4 Qd6 18.O-O b5 19.axb6 Nxb6 20.Nd2 e6 21.Rd1 Qe7 22.dxe6 Nxc4 23.Nxc4 Bxe6
24.Nd5 Qh4 25.g3 Qh5 26.exf5 Bxf5 27.Ne7+ Kh8 28.Nxf5 Qxf5 29.Qe4 Qh5 30.Kg2 Rad8
31.Rxd8 Rxd8 32.Rxa6 Qg5 33.Ra8  1-0

[Event "48th Capablanca Open I 2013"]
[Site "Havana CUB"]
[Date "2013.04.21"]
[Round "1.40"]
[White "Rivera,I"]
[Black "Gomez Fontal,F"]
[Result "1-0"]
[WhiteElo "2165"]
[BlackElo "2373"]

1.d4 Nf6 2.Bg5 Ne4 3.Bf4 d5 4.f3 Nf6 5.Nc3 e6 6.e4 dxe4 7.fxe4 Bb4 8.Bd3 O-O
9.Nf3 Nc6 10.e5 Nh5 11.Be3 f5 12.a3 Be7 13.Qd2 a6 14.Ne2 b5 15.c4 Bb7 16.O-O b4
17.Bc2 Rb8 18.Rfd1 Na5 19.b3 Bxf3 20.gxf3 Nc6 21.a4 g5 22.Kh1 Kh8 23.Rg1 f4
24.Qd3 Rf5 25.Bf2 Ng7 26.Rg2 Qe8 27.Rag1 Rd8 28.Qe4 Qd7 29.h4 h6 30.Nxf4 Kg8
31.Ng6 Kf7 32.hxg5 hxg5 33.Nxe7 Kxe7 34.Qg4 Rh8+ 35.Rh2 Rxh2+ 36.Kxh2 Rf7
37.Bg6 Kf8 38.Bxf7 Qxf7 39.Qxg5 Nf5 40.Rg4 Qh7+ 41.Kg2  1-0